[Event "GER-ARM"]
[Site "Baden-Baden"]
[Date "1996.??.??"]
[Round "2"]
[White "Gabriel, Christian"]
[Black "Akopian, Vladimir Eduardovic"]
[Result "0-1"]
[WhiteElo "2565"]
[BlackElo "2630"]
[Annotator "Huebner,R"]
[PlyCount "144"]
[EventDate "1996.07.31"]
[EventType "match"]
[EventRounds "4"]
[EventCountry "GER"]
[SourceTitle "CBM 055"]
[Source "ChessBase"]
[SourceDate "1996.12.01"]
[SourceVersion "1"]
[SourceVersionDate "1996.12.01"]
[SourceQuality "1"]
[WhiteTeam "Germany"]
[BlackTeam "Armenia"]
[WhiteTeamCountry "GER"]
[BlackTeamCountry "ARM"]

1. d4 {Hansen,Cu} d5 2. c4 c6 3. Nf3 Nf6 4. Nc3 dxc4 5. a4 Bf5 6. e3 e6 7. Bxc4
Bb4 8. O-O Nbd7 9. Qe2 Bg6 10. e4 O-O (10... Bxc3 {Hansen,Cu} 11. bxc3 Nxe4 12.
Ba3 Qc7 13. Rfe1 $5 {Seems to have stopped blackplayers from choosing 10. -
Bxc3}) 11. Bd3 Bh5 12. e5 {Die sofortige Aufgabe des Feldes d5 bietet meines
Erachtens keine Aussichten auf Vorteil; nur nach 12.Lf4 kann Weiß auf einige
Initiative hoffen.} Nd5 13. Ne4 {[%csl Gd5,Ge4] An important choice. White
gets the square e4 for his pieces and allows black to keep d5 for his N. A
completely different strategy would have been 13. Nxd5} (13. Nxd5 {Hansen,Cu}
cxd5 14. Qe3 {[%csl Rb4] (), ><b4}) 13... Be7 14. Ng3 Bg6 15. Bxg6 hxg6 (15...
fxg6 {[%cal Yf8f1] This move has been played more often than 13. - hxg6. 13. -
fxg6 gives black a worse pawn-formation than in the game but a safer
kingposition and some chances of active pieceplay in the f-line.}) 16. Ne4 {
[%cal Yf3g5,Ye2g4,Yg4h4,Yh4h7] /\Nfg5,Qg4-h4-h7#} c5 {[%csl Rd4,Re5] Black
must seek counterplay in the center quickly, else whites attack is very
dangerous} 17. Rd1 {Bis hierher folgte die Partie den Spuren eines Vorgängers:
Xu Jun-Akopjan,V, Moskau olm 1994 (CBM 45). Dort geschah} (17. Nc3 {Dieser
Anpack sieht nicht besonders kräftig aus; nach} Qb6 (17... Nxc3 18. bxc3 cxd4
19. cxd4 Nb6 {kam auch in Betracht.}) 18. Nxd5 exd5 19. dxc5 Nxc5 20. Be3 Qe6 {
stand Schwarz gut. Der Textzug bereitet dem Nachziehenden freilich auch keine
Probleme; seine Stellung ist in jedem Falle gesund.}) (17. Nfg5 $2 cxd4 18. Qg4
Nxe5 19. Qh4 Bxg5 20. Nxg5 Nf6) 17... cxd4 18. Rxd4 Rc8 {[%csl Rb4,Re5] White
has weaknesses both on the queenside and in the center. The only plus for
white is the chance to use the d6 square for the N in the future.   Black on
the other hand has already a strong N on d5, and the best B. His opening-idea
15. - hxg6 has worked very well.} 19. Be3 $6 (19. g3 Qc7 20. Bf4 {war
vielleicht am solidesten. Jetzt bekommt Weiß Probleme mit der Deckung des
Bauern auf e5.}) 19... Qc7 {[%cal Rd7e5,Rc7e5]} 20. Rc1 Qb8 {[%cal Rd7e5]} 21.
Nc3 {Ich sehe nichts Besseres.} Nxc3 22. bxc3 Nxe5 23. Bf4 Nxf3+ 24. Qxf3 Qa8 {
White has put blacks queen in the corner but the pawn-minus means he still has
to fight for draw} (24... e5 25. Rd7 exf4 26. Rxe7 Rfe8 (26... Rc7 $15) 27.
Rxb7 Rxc3 {bot vielleicht bessere Siegesaussichten.}) 25. Rd7 Bf6 26. Qxb7 Qxb7
27. Rxb7 Rc4 {Only this move keeps blacks advantage} 28. Bd6 {[%cal Rd6f8]
Maybe an oversight} (28. Be3 $1 {Hansen,Cu} a5 29. Ra7 {Was probably a better
drawing-chance}) 28... Rd8 {[%cal Rd8d6]} 29. Bb4 Bxc3 30. Bxc3 Rxc3 31. Rcb1
a5 32. Ra7 Rcd3 33. g3 Rd1+ 34. Rxd1 Rxd1+ 35. Kg2 Rd5 {Blacks rook is ideally
placed. However he still has to work to make the full point out of his
ekstra-pawn on the kingside.} 36. Ra8+ Kh7 {[%cal Yg6g5]} 37. h4 g5 {Black
exchanges his doublepawn. The next steps will be to gain more space on the
kingside and improve the position of the king.} 38. hxg5 Rxg5 39. Kf3 (39. f4
$5) 39... Rf5+ 40. Ke3 g5 41. Ra7 $2 {Hier sollte Weiß unbedingt seinen
f-Bauern bewegen. Ich glaube, daß sowohl} (41. f4 {wie}) (41. f3 {zum Remis
genügen sollten.}) 41... g4 42. Rc7 Kg6 43. Rc4 Kg5 44. Rc7 Kg6 45. Ke2 Re5+
46. Kd3 f6 47. Ra7 f5 48. Kd2 Rc5 49. Ke3 Kf6 50. Kd3 Ke5 51. Ra6 Kd5 52. Ra8
Kd6 53. Ra6+ Ke5 54. Rb6 (54. Ra8 $5 {Hansen,Cu}) 54... Kf6 55. Ra6 Rd5+ 56.
Ke3 Re5+ 57. Kd3 Ke7 58. Ra7+ Kd6 59. Ra6+ Kd7 {[%cal Yd7c7,Yc7b7,Rb7a6]
Blacks idea is to bring his king to b7. If white reacts Ra6-d6 he can improve
his rook-position with Re5-e4.} 60. Kd4 $2 (60. Kd2 Kc7 61. Ra8 {mußte
versucht werden. Jetzt wird der König des Weißen horizontal abgeschnitten, und
das dürfte fatal sein.}) 60... Re4+ 61. Kc5 Rxa4 62. Ra7+ Ke8 63. Kd6 Re4 64.
Rxa5 Kf7 {[%csl Rd6][%cal Ye8e1,Yh4a4] Whites king is cut off - both on the
e-line and via the fourth rank. That is why black wins easily.} 65. Ra2 Kf6 66.
Rd2 f4 67. gxf4 Kf5 68. Ke7 Rxf4 69. Kd6 e5 70. Re2 Rd4+ 71. Ke7 e4 72. Ra2 e3
0-1

[Event "GER CupT final"]
[Site "Luebeck"]
[Date "2001.03.25"]
[Round "2.4"]
[White "Vaganian, Rafael A"]
[Black "Hector, Jonny"]
[Result "0-1"]
[WhiteElo "2641"]
[BlackElo "2532"]
[Annotator "Huebner,R"]
[PlyCount "64"]
[EventDate "2001.03.24"]
[EventType "team"]
[EventRounds "2"]
[EventCountry "GER"]
[SourceTitle "CBM 082"]
[Source "ChessBase"]
[SourceDate "2001.05.17"]
[SourceVersion "1"]
[SourceVersionDate "2001.05.17"]
[SourceQuality "1"]
[WhiteTeam "Porz"]
[BlackTeam "Luebeck"]
[WhiteTeamCountry "GER"]
[BlackTeamCountry "GER"]

1. Nf3 d5 2. d4 Nf6 3. c4 c6 4. Nc3 dxc4 5. a4 Bf5 6. e3 e6 7. Bxc4 Bb4 8. O-O
Nbd7 9. Qe2 Bg4 10. h3 Bxf3 11. Qxf3 O-O 12. Rd1 Rc8 13. Bf1 {Dies ist ein
neuer Versuch, dem jedoch nicht allzuviel Biß innewohnt. Am häufigsten wurde
hier 13.e4 versucht; es folgen einige Beispiele:} (13. e4 e5 14. dxe5 (14. Bg5
exd4 15. Rxd4 Ne5 16. Qd1 Qe7 17. Qb3 Bc5 18. Rd2 h6 $11 {0-1 Lipinsky,
F-Hector,J/Germany 1998/GER-chT2 (69). (69)}) 14... Nxe5 15. Qf5 Qa5 ({Nach} 
15... Qe7 16. Bb3 Rcd8 17. Bg5 Nd3 18. Bc2 Nxb2 19. Rxd8 Qxd8 ({Auf} 19... Rxd8
{folgt} 20. e5 Qd7 21. Na2 Qxf5 22. Bxf5 Bd2 23. Bxd2 Rxd2 24. exf6 {mit
Gewinnstellung für Weiß.}) 20. Na2 Bd2 21. Bxf6 Qxf6 22. Qxf6 gxf6 23. Rb1 Nc4
24. Rxb7 a5 25. g3 {hat Weiß einigen Vorteil.}) 16. Bf1 Rfe8 17. Be3 Qc7 (17...
Ng6 18. Qxa5 Bxa5 19. f3 a6 ({Die Fortsetzung} 19... Bb6 20. Bxb6 axb6 21. Rd4
{ist unbequem für Schwarz.}) 20. Bd4 Rcd8 {hat Weiß keinen nennenswerten
Vorteil.}) (17... Re6 18. Bd4 Nfd7 19. Bxe5 Nxe5 20. f4 Qb6+ 21. Kh1 Ng6 22.
Bc4 Ne7 23. Qg4 Rg6 24. Qd7 Rf8 25. f5 Rg5 $13 {1/2-1/2 Akesson,R-Hector,J/
Gentofte 1999/CBM 73/[Huebner,R] (45). (44)}) 18. Rac1 Ng6 (18... Bxc3 19. Rxc3
Ng6 {sollte versucht werden. Nach dem Textzug erhält Weiß eine Gewinnstellung.}
) 19. Nd5 $18 {1-0 Lautier,J-Hector,J/Malmoe 1999/CBM 72/[Huebner,R] (25). (24)
}) ({Auch andere Züge wurden versucht; sie scheinen aber nicht
aussichtsreicher zu sein als 13.e4:} 13. Ne4 Nxe4 14. Qxe4 Qa5 15. Qc2 Nb6 16.
Bd3 g6 17. e4 Rfd8 18. Be2 $11 {1/2-1/2 Beliavsky,A-Ivanchuk,V/Munich 1994/CBM
42 (62)}) (13. Na2 Bd6 14. e4 e5 15. Be3 exd4 16. Bxd4 Qe7 17. Nc3 Ne5 18. Qe2
Bc5 $11 {1-0 Sergienko,S-Volzhin,A/Moscow 1994/CBM 45 ext (47). (46)}) (13. Bd2
Qa5 14. e4 e5 15. dxe5 Nxe5 16. Qe2 Rfe8 17. Bb3 Ng6 $15 {0-1 Moldenhauer,
J-Fette,M/Berlin 2000/EXT 2001 (51). (51)}) (13. Bd3 Re8 14. Bd2 a6 15. Ne4 Qa5
16. Qe2 Nxe4 17. Bxe4 Rcd8 18. Bxb4 Qxb4 19. Qc2 Nf6 20. Bf3 $14 {1/2-1/2
Razuvaev,Y-Chernin,A/Tilburg 1994/CBM 44 (30). (29)}) 13... e5 14. g4 $6 ({
Die Fortsetzung} 14. dxe5 Nxe5 15. Qf5 Qa5 (15... Qe7 16. e4 $14) 16. e4 {
macht einen natürlicheren und gesünderen Eindruck.}) 14... Qa5 $6 (14... exd4
15. Rxd4 Qa5 {führt zu einer befriedigenden Stellung für Schwarz.}) 15. g5 Nd5
(15... e4 {scheitert an} 16. Qg2 Nd5 17. Nxe4 {mit Gewinnstellung für Weiß.}) (
{Die Folge} 15... Ne8 16. Qf5 Rd8 17. dxe5 Nd6 18. Qf4 Nc8 (18... Nxe5 19. Na2
c5 20. Rxd6) 19. Na2 {überläßt dem Weißen ebenfalls Vorteil.}) 16. Nxd5 cxd5
17. dxe5 Rfd8 {Der Nachziehende versucht, die Schwäche des Feldes b3
auszunutzen und seinen Springer dorthin zu überführen.} ({Die Fortsetzung} 
17... Nxe5 18. Qxd5 Rcd8 19. Qxa5 Bxa5 20. Rxd8 Rxd8 21. Be2 {ist
unbefriedigend für Schwarz.}) 18. Bg2 $6 ({Mit} 18. Rxd5 Nxe5 19. Rxd8+ Qxd8
20. Qxb7 Rb8 21. Qe4 Qxg5+ 22. Kh1 {behält Weiß einen gesunden Mehrbauern. Die
Partiefolge scheint mir weniger klar zu sein. Schwarz erhält ein gefährliches
Gegenspiel.}) 18... Nc5 19. Rxd5 Rxd5 20. Qxd5 Rd8 21. Qc4 b5 ({Zum Remis
führt die Folge} 21... Rd1+ 22. Bf1 ({Die Fortsetzung} 22. Kh2 Nd3 23. Qc2 Nxf2
24. Qxf2 Qxe5+ 25. Qf4 Bd6 {ist dem Weißen nicht anzuraten.}) 22... Nd3 23. Qc2
Rxc1 24. Rxc1 Nxc1 25. Qxc1 Qxe5 {usw. Der Textzug ist nicht schlechter.
Schwarz verfolgt eine interessante Konzeption: er möchte den Damenfügel des
Weißen nicht zur Entwicklung kommen lassen.}) 22. Qc2 bxa4 23. Bc6 Qc7 24. Bxa4
Qxe5 25. Bc6 ({Nach} 25. f4 Qd5 ({Auf} 25... Qe6 {folgt} 26. Kh2 {gefolgt von
b2-b3 und Ta1-a2.}) 26. Kh2 a5 {kann sich Weiß nicht befreien.}) 25... a5 26.
Bg2 $2 ({Nach} 26. e4 Ne6 (26... Qe6 27. Bd5 Qxh3 28. Be3 {bringt dem
Schwarzen keinen Vorteil.}) 27. Bd5 Nxg5 28. Qd3 {sollte Weiß überleben können.
}) 26... Qe6 27. e4 $6 ({Mit} 27. Rb1 {konnte Weiß Widerstand leisten, doch
ist seine Situation nach} Nb3 (27... Qb3 28. Be4 {ist nicht ersprießlich für
Schwarz.}) 28. e4 Nd4 29. Qa4 (29. Qd3 Nf3+ 30. Qxf3 Qa2 {ist hoffnungslos für
Weiß.}) 29... Ne2+ 30. Kh1 (30. Kf1 {scheitert an} Qc4) 30... Qe5 {höchst
unerfreulich.}) 27... Qb3 $19 28. Qe2 Rd1+ 29. Bf1 Nd3 30. Qf3 Qc2 31. e5 Nxc1
32. Rxa5 Bxa5 0-1

[Event "Altensteig"]
[Site "Altensteig"]
[Date "1995.??.??"]
[Round "3"]
[White "Gabriel, Christian"]
[Black "Wojtkiewicz, Aleksander"]
[Result "1/2-1/2"]
[WhiteElo "2475"]
[BlackElo "2570"]
[Annotator "Huebner,R"]
[PlyCount "97"]
[EventDate "1995.08.??"]
[EventType "tourn"]
[EventRounds "11"]
[EventCountry "GER"]
[EventCategory "12"]
[SourceTitle "CBM 049"]
[Source "ChessBase"]
[SourceDate "1995.12.01"]
[SourceVersion "1"]
[SourceVersionDate "1995.12.01"]
[SourceQuality "1"]

1. d4 d5 2. c4 c6 3. Nf3 Nf6 4. Nc3 dxc4 5. a4 Bf5 6. e3 e6 7. Bxc4 Nbd7 8. O-O
Bb4 9. Qe2 Bg6 10. e4 O-O 11. Bd3 h6 {Dieser Zug wurde, soweit ich sehe, von
Smyslov in seiner Partie gegen Stahlberg, Zürich (ct) 1953, in die Praxis
eingeführt. Wenn er auch keine allzu große Beliebtheit erreicht hat, so wurde
er doch immer wieder einmal angewandt; in letzter Zeit haben ihn unter anderen
Oll und Short ausprobiert.} 12. h3 {Weiß schaltet Lg6-h5 als sinnvolle
Möglichkeit aus. Meist wurde hier 12.Lf4 gespielt; im 13. oder 14. Zuge folgte
dann doch h2-h3. Der Textzug soll also größere Flexibilität gewährleisten;
eine der zusätzlichen Möglichkeiten, die Weiß gewinnt, kommt in der Partie zur
Anwendung.} Re8 {Ein Versuch, die Zugfolge des Weißen auszunutzen, besteht in}
(12... Qc7 $5 13. Kh1 (13. e5 Nd5 14. Ne4 Be7 $10) (13. Nh4 Bh7 14. f4 c5)
13... Rfe8 (13... e5 14. Nxe5 Nxe5 15. Bf4 Bd6 16. dxe5 Bxe5 17. Bxe5 Qxe5 18.
f4 $16) 14. e5 (14. Bd2 a5) (14. Na2 Be7 15. b4 a5) 14... Nd5 15. Ne4 a5 $13)
13. Ne5 {Die Fortsetzung} (13. Bf4 Rc8 14. Rfd1 a6 {war in einigen Partien zu
sehen.} 15. Na2 (15. Bg3 {sieht nicht besonders sinnvoll aus: Schwarz kommt
wieder ungestraft zu} Bh5 {und erzielt Ausgleich:} 16. Bh2 Bxf3 17. Qxf3 e5 18.
dxe5 Nxe5 19. Bxe5 Rxe5 20. Bxa6 Qe7 {usw., Timman-Short, Madrid 1995.}) 15...
Bf8 16. b4 a5 17. bxa5 Qxa5 {führte in den Partien M. Petursson-L. Oll, London
(Lloyds Bank op) 1994 (18.Tdb1) und I. Sokolov-L. Oll, Moskau (ol) 1994 (18.
Ld2) zu ausgeglichenen Stellungen. Der Textzug verspricht mehr.}) 13... Bh7 14.
Kh1 {Dieser Zug begeistert mich nicht besonders; plausibler sieht 14.Td1 aus.
Sofortiges 14.f4 ist nicht empfehlenswert, denn nach 14...Db6 scheitert die
erwünschte Entgegnung 15.Le3 an 15...Lc3: nebst 16... Le4:.} a6 (14... c5 $5
15. Nxd7 Nxd7 16. Na2 Qa5 $13) 15. Rd1 Nxe5 {Die Struktur, die nach diesem
Zuge entsteht, scheint mir für Schwarz unerfreulich zu sein. Vorgezogen hätte
ich die Fortsetzung} (15... c5 16. Nxd7 Nxd7 17. dxc5 (17. Na2 Qa5) 17... Bxc5
18. f4 $14) 16. dxe5 Nd7 17. Bc2 Qc7 18. f4 Rad8 19. Be3 f6 20. exf6 Nxf6 21.
Rxd8 Qxd8 22. Qc4 $16 Qe7 23. Bd4 (23. a5 $5 {mit der Idee, 24.Ta4 folgen zu
lassen, verdient Erwägung.}) 23... Kh8 24. Rd1 $6 {Auch jetzt noch ist 24.a5
erwägenswert. Auch andere Züge waren plausibler, zum Beispiel 24.Te1.} Rd8 25.
Kh2 {Ein weiterer mysteriöser Königszug, doch hat Weiß schon Schwierigkeiten,
den Bauern auf e4 zu decken.} (25. Re1 $5) 25... Nd7 $6 (25... Bxc3 26. bxc3
Nxe4 27. Bxg7+ Kxg7 28. Rxd8 Qxd8 29. Bxe4 Bxe4 30. Qxe4 Qf6 $10) 26. Bb6 Nxb6
27. Rxd8+ Qxd8 28. Qxb4 Qc7 29. Qf8+ Bg8 30. Ne2 (30. Bb3 $2 Nd7) 30... Qf7 31.
Qb8 (31. Qd8 $5 Nc4 (31... Nd7 32. e5 $16) 32. e5 $16) 31... Nc4 32. Ng3 $6
Nxb2 33. f5 exf5 (33... Nc4 34. Bb3 b5 {war besser: Schwarz sollte den weißen
Springer nicht ohne weiteres nach f5 lassen.}) 34. Nxf5 Nc4 35. Bb3 b5 36. Qd8
Qf6 37. Ne7 Qe6 38. e5 $2 (38. Kh1 {hätte mir hier viel besser gefallen; auf}
Kh7 {kann jetzt} 39. e5 {folgen.}) 38... Qxe5+ 39. Kh1 Qe1+ 40. Kh2 Qe6 41. Qe8
Kh7 (41... g5 $5 {scheint mir ein lohnender Gewinnversuch:} 42. Qf8 Qe5+ 43.
Kh1 Qg7 44. Qe8 Qf7) 42. Bc2+ g6 43. Nxg8 Qxg8 44. Qxc6 Qf7 45. axb5 axb5 46.
Qxb5 Qf4+ 47. Kh1 Qc1+ 48. Kh2 Qxc2 49. Qd7+ {Man gewinnt den Eindruck, daß
beide Spieler ab Zug 25 in heftiger Zeitnot verkehrten.} 1/2-1/2

[Event "RUS-ch KO"]
[Site "Moscow"]
[Date "1999.12.17"]
[Round "2.1"]
[White "Lugovoi, Aleksei"]
[Black "Kobalia, Mihail"]
[Result "0-1"]
[WhiteElo "2509"]
[BlackElo "2573"]
[Annotator "Huebner,R"]
[PlyCount "82"]
[EventDate "1999.12.04"]
[EventType "k.o."]
[EventRounds "6"]
[EventCountry "RUS"]
[SourceTitle "CBM 075"]
[Source "ChessBase"]
[SourceDate "2000.04.05"]
[SourceVersion "1"]
[SourceVersionDate "2000.04.05"]
[SourceQuality "1"]

1. d4 d5 2. c4 c6 3. Nc3 Nf6 4. Nf3 dxc4 5. a4 Bf5 6. e3 e6 7. Bxc4 Bb4 8. O-O
Nbd7 9. Qe2 O-O 10. e4 Bg6 11. Bd3 Bh5 12. Bf4 Qe7 13. e5 Nd5 14. Nxd5 cxd5 15.
Qe3 Rfc8 16. Rfc1 {Dies ist die natürliche Reaktion. Als nicht besser erwies
sich} (16. a5 Bg6 17. Ra4 Bxd3 18. Qxd3 Rc4 19. h4 $2 (19. Bg5 Qf8 20. Bd2 Bxd2
21. Rxc4 dxc4 22. Qxd2 b5 $10) 19... h6 (19... Nc5 $5 20. dxc5 Rxf4 $17) 20. h5
Nc5 $1 21. dxc5 Rxf4 $17 {0-1 Gofshtein,L-Sadler,M/Ischia 1996/CBM 54/[Ftacnik]
(34)}) (16. Ne1 a5 17. Nc2 Bg6 $10 {führt zum Ausgleich.}) 16... Bg6 17. Bf1 {
Der Entschluß, die weißfeldrigen Läufer auf dem Brett zu halten, scheint mir
in der vorliegenden Stellung allzu riskant zu sein; der Läufer auf g6 ist viel
wirksamer als sein Gegenspieler auf f1. Nach} (17. Bxg6 fxg6 18. Qd3 {dürfte
Weiß das Gleichgewicht wahren können; Vorteil hat er allerdings bestimmt nicht.
}) 17... Qd8 18. Qe2 a6 19. Bd2 Be7 20. Ne1 Rxc1 21. Rxc1 Nb8 22. Bc3 Nc6 23.
Qd2 Rc8 24. Be2 h6 25. g3 Qb6 26. a5 Qd8 27. Ra1 Be4 28. f3 Bg6 29. h4 $6 {
Weiß sollte sich keine weiteren Schwächungen auf den Hals laden. Nach} (29. Nd3
{hat er gute Überlebensaussichten.}) 29... Qf8 30. Nd3 Na7 31. Nf4 Bh7 32. Kg2
Nb5 33. Bxb5 axb5 34. Nd3 Qe8 35. Kh3 b4 36. Nxb4 Bxb4 37. Bxb4 Rc2 38. Qe3 Qb5
39. Bc3 Re2 40. Qf4 $2 (40. Qg1 {mußte versucht werden; ich sehe keinen Gewinn
für Schwarz:} Qd3 41. Rf1 Bf5+ ({Auf} 41... Qc2 {folgt} 42. g4 {nebst
Turmtausch durch Tf1-e1.}) 42. g4 Be4 43. Kg3 Rc2 44. Rf2 Qe3 45. Qg2 {Schwarz
dringt nicht durch.}) 40... Qd3 41. Rg1 Rf2 0-1

[Event "RUS-ch"]
[Site "Elista"]
[Date "1995.??.??"]
[Round "10"]
[White "Burmakin, Vladimir"]
[Black "Smyslov, Vassily V"]
[Result "1/2-1/2"]
[WhiteElo "2500"]
[BlackElo "2565"]
[Annotator "Huebner,R"]
[PlyCount "82"]
[EventDate "1995.10.??"]
[EventType "swiss"]
[EventRounds "11"]
[EventCountry "RUS"]
[SourceTitle "CBM 050"]
[Source "ChessBase"]
[SourceDate "1996.02.01"]
[SourceVersion "1"]
[SourceVersionDate "1996.02.01"]
[SourceQuality "1"]

1. d4 d5 2. c4 c6 3. Nc3 Nf6 4. Nf3 dxc4 5. a4 Bf5 6. e3 e6 7. Bxc4 Bb4 8. O-O
O-O 9. Qe2 Nbd7 10. e4 Bg6 11. e5 (11. Bd3 {ist üblicher, um die Spannung im
Zentrum zunächst aufrecht zu erhalten. Die sofortige Aufgabe des Punktes d5
verspricht keinen Vorteil.} Bh5 (11... Re8 12. e5 Nd5 13. Nxd5 cxd5 $2 14. Bxg6
fxg6 15. Qb5 a5 16. Bg5 Be7 17. Rac1 $1 $16) 12. e5 Nd5 13. Nxd5 cxd5 14. Qe3 {
/\ 15.Ng5} Be7 15. Bd2 Nb8 16. Ne1 {16.b4!?} Bg6 17. f4 Nc6 18. g4 f5 19. exf6
Bxf6 20. Bc3 Qe8 21. h3 $13) 11... Nd5 12. Bd2 (12. Bg5 {Mowsziszian} Qa5 13.
Nxd5 $6 cxd5 14. Bb5 Nb8 $1 {><d4} 15. Nh4 a6 16. Nxg6 fxg6 17. Bd3 Nc6 $15) (
12. Nxd5 cxd5 13. Bd3 a6 (13... Be7 $6 14. Bd2 Nb8 15. b4 $14 {Jerabek,
P-Buchicek,P, CZE-ch 1993, TD 93/10.}) (13... Nb8 $5) 14. Bxg6 fxg6 15. Be3 Qe7
16. Rfc1 Rfc8 17. Bd2 h6 {remis gegeben: Boleslavskij,I-Smyslov,V, Zürich (ct)
1953.}) 12... Qa5 13. Rfc1 N5b6 $146 (13... Rac8 {scheint mir weniger genau.}
14. Nh4 (14. Ne4 Bxe4 {Sonst bekommt Schwarz Sorgen mit der Schwäche des
Punktes d6.} 15. Bxb4 Qxb4 (15... Bxf3 16. Bxa5 Bxe2 17. Bxe2 $14) 16. Qxe4 $14
{sollte Weiß spielen.}) 14... N5b6 15. Nxg6 hxg6 16. Ne4 Bxd2 17. Nxd2 c5 {
mit leichtem Vorteil für Schwarz geschah in der Partie Sjodahl,P- Chabanon,J,
Oakham 1992, CBM 30.}) 14. Bd3 c5 $6 {Danach erhält Weiß eine gefährliche
Initiative.} (14... Bxd3 15. Qxd3 Rfd8 {kam in Betracht:} 16. Ng5 (16. Ne4 Nxe5
17. Nxe5 (17. Bxb4 Nxf3+ $19) 17... Qxe5 18. Bxb4 Qxd4 $19 (18... Rxd4 $2 19.
Bc3 Rad8 20. Ng3 $18)) 16... Nf8 {ist wirkungslos.}) 15. Bxg6 fxg6 (15... hxg6
{kam hier in Betracht, um den Bauern auf e6 nicht ungedeckt zu lassen. Weiß
kann die Schwäche des gegnerischen Königsflügels wohl nicht wirksam ausnutzen:}
16. Ne4 Bxd2 17. Nexd2 cxd4 {usw.}) (15... hxg6 {Mowsziszian: Ist gefährlich
wegen der weissen Mattidee Ng5+Qg4-h4.}) 16. Nb5 Bxd2 17. Nxd2 cxd4 18. Nf3 (
18. Nb3 Qb4 19. N5xd4 (19. N3xd4 $6 a6) 19... Rac8 20. Qg4 Rxc1+ 21. Rxc1 Re8 {
Der Springer steht auf b3 ungünstig. Nach dem Textzug behält Weiß einen
gefährlichen Druck.}) 18... Nd5 19. Nbxd4 Nf4 20. Qb5 Qxb5 21. axb5 Nb6 22. g3
Nd3 23. Rc3 (23. Rc7 Rf7 24. Rxf7 Kxf7 25. Ng5+ Kg8 26. f4 Nxb2 27. Ngxe6 a5
$13) 23... Nxb2 24. Nxe6 Rf7 25. Nfd4 N2c4 26. f4 Rd7 27. Rac1 Rc8 28. Nb3 h6
29. Ra1 (29. Na5 Kf7 (29... Nxa5 30. Rxc8+ Nxc8 31. Rxc8+ Kf7 32. Nc5 Rd1+ 33.
Kf2 Rc1 34. Nxb7) 30. Nxc4 (30. Nxg7 $2 Kxg7 31. Nxc4 Rdc7 $19) 30... Kxe6 (
30... Rxc4 $2 31. Rxc4 Nxc4 32. Nc5 $18) (30... Nxc4 31. Rxc4 (31. Nxg7 $2 Rd4
$19) 31... Rxc4 32. Rxc4 Kxe6 $13) 31. Nxb6 Rxc3 32. Rxc3 axb6 $13) 29... Ra8
30. Nbc5 Re7 31. Rd3 $6 (31. Nd4 $5) 31... g5 {Jetzt wird die Bauernstruktur
des Weißen zerrüttet, und auch Schwarz findet Bauernschwächen zum Angriff.} 32.
Rd8+ Rxd8 33. Nxd8 gxf4 34. gxf4 Nd5 35. Ndxb7 {Mowsziszian: Weis hat keinen
Vorteil. Im schlechtesten Fall kann Schwarz seine Springeren für die Bauern
opfern, weil das Endspiel zwei Springeren gegen Koenig remis ist.} Nxf4 36. Ra4
Ne2+ 37. Kf2 Nb6 38. Rxa7 Nd4 39. Ra6 Nc4 40. e6 Nxb5 41. Kf3 Nc7 1/2-1/2